|
|
|
|
| LEADER |
00000nab a2200000 a 4500 |
| 001 |
vtls000240072 |
| 003 |
SK-MaSNL |
| 005 |
20260302211931.0 |
| 008 |
111130c1986 xo 0 slo |
| 015 |
|
|
|a SNBRB19rr/mm-uuuuu
|
| 035 |
|
|
|a CL0250186
|
| 040 |
|
|
|a SNKBUCL
|b slo
|c SNKBUCL
|e AACR2
|
| 041 |
0 |
|
|a slo
|
| 044 |
|
|
|a xo
|c SK
|
| 080 |
|
|
|a 82.09:820 (73)-3(048)
|2 1981
|
| 080 |
|
|
|a 820 (73)-3(048)
|2 1981
|
| 100 |
1 |
|
|a Rechtorisová, Marta
|4 aut
|9 927150
|
| 245 |
1 |
0 |
|a Svedectvo o morálke
|c Marta Rechtorisová ; Norman Mailer
|
| 650 |
0 |
7 |
|a romány spoločenské
|2 snkbucl
|9 402806
|
| 655 |
|
7 |
|a články z novín a časopisov
|2 snkbucl
|9 267496
|
| 655 |
|
7 |
|a články z odboru literárna veda a krásna literatúra
|2 snkbucl
|9 770045
|
| 700 |
1 |
|
|a Mailer, Norman,
|d 1923-2007
|4 aut
|9 208714
|
| 773 |
0 |
|
|t Smena
|g Roč. 39, č. 37 (13. 2. 1986), s. 6
|
| 787 |
0 |
8 |
|i Rec.:
|a Mailer, Norman
|t Katova pieseň
|d Bratislava : Tatran, 1985
|
| 850 |
|
|
|a Slovenská národná knižnica v Martine
|a MTA001
|
| 852 |
|
|
|a SNK
|b KIS3GCP
|
| 958 |
|
|
|a RK
|
| 958 |
|
|
|a LX
|
| 992 |
|
|
|a RBX
|
| 999 |
|
|
|c 1487021
|d 1488951
|